Statistics for All Major Marvel MCU Characters

Click here to take the quiz!

General Stats

  • This quiz has been taken 39 times
  • The average score is 38 of 66

Answer Stats

First SeenStatusCharacter Name% Correct
Iron-ManDeadIron-Man
97%
ThorDeadLoki
97%
Captain America:
Civil War
AliveSpider-Man
97%
Guardians of the
Galaxy
DeadGamora
93%
Iron-Man 2DeadBlack Widow
87%
Captain America:
The First Avenger
UnknownCaptain America
83%
Doctor StrangeAliveDoctor Strange
83%
Guardians of the
Galaxy
AliveGroot
83%
The Avengers/ThorAliveHawkeye
83%
Captain America:
Winter Soldier
UnknownScarlet Witch
83%
Guardians of the
Galaxy
AliveStar Lord
83%
ThorAliveThor
83%
Ant-ManAliveAnt-Man
80%
Captain MarvelAliveCaptain Marvel
80%
Guardians of the
Galaxy
AliveDrax
80%
Incredible HulkAliveHulk
80%
HawkeyeAliveKate Bishop
80%
Captain America:
Civil War
AliveBlack Panther
77%
Moon KnightAliveMoon Knight
77%
Ant-ManAliveWasp
77%
Captain America:
The First Avenger
AliveWinter Soldier/Bucky
77%
Spider-Man
Homecoming
Alive"MJ" Michelle Jones
73%
Iron-ManAlivePepper Potts
70%
Avengers: Age of
Ultron
DeadQuicksilver
70%
She-HulkAliveShe-Hulk
70%
Doctor StrangeAliveWong
70%
Guardians of the
Galaxy Vol. 2
AliveMantis
67%
Ms MarvelAliveMs Marvel
67%
Iron-ManAliveNick Fury
67%
ThorDeadOdin
67%
Shang Chi and the
Legend of the Ten
Rings
AliveShang Chi
67%
Avenger: Age of
Ultron
DeadVision
67%
Guardians of the
Galaxy
AliveNebula
63%
EternalsDeadIkaris
60%
Black PantherAliveShuri
60%
Iron-ManAliveWar Machine
60%
ThorDeadJane Foster
57%
Iron-ManAliveHappy Hogan
53%
Guardians of the
Galaxy
DeadYondu
53%
The AvengersAliveMaria Hill
50%
Captain America:
The First Avenger
AliveFalcon
47%
Thor: RagnarokAliveKorg
47%
Captain America:
Civil War
DeadAunt May
43%
ThorDeadHeimdall
43%
ThorAliveProf. Erik Selvig
40%
EternalsAliveSersi
40%
EternalsAliveSprite
40%
EternalsDeadThena
40%
Thor: RagnarokAliveValkyrie
40%
Black WidowAliveYelena Belova
40%
LokiAliveAgent Mobius
37%
LokiAliveSylvie
37%
Doctor Strang in
the Multiverse of
Madness
AliveAmerica Chavez
33%
EternalsAliveDruig
33%
EternalsDeadGilgamesh
33%
Guardians of the
Galaxy
AliveRocket Raccon
33%
The AvengersDeadAgent Coulson
30%
EternalsDeadAjak
30%
EternalsAliveMakkari
30%
ThorAliveDarcy Lewis
23%
EternalsAlivePhastos
23%
EternalsAliveKingo
20%
Captain MarvelAliveMaria Rambeau
20%
Ant-ManAliveHank Pim
7%
Moon KnightAliveLayla El-Faouly
7%
Spider-Man
Homecoming
AliveNed Leads
7%

Score Distribution

Percentile by Number Answered

Percent of People with Each Score

Your Score History

You have not taken this quiz